| 000 | 00993cam a22003137a 4500 | ||
|---|---|---|---|
| 003 | CHAP | ||
| 005 | 20220329140655.0 | ||
| 008 | 971013s1963 r 00010 d | ||
| 010 | _a55824 | ||
| 011 | _a56796 | ||
| 035 | _a60949 | ||
| 040 | _cCHAP | ||
| 082 |
_a599.884 _bS2 |
||
| 100 | 0 | 0 |
_aSchaller, George B. _9102900 |
| 245 | 1 | 4 |
_aThe mountain gorilla _b: ecology and behavior |
| 260 |
_aChicago, Ill. : _bUniv. of Chicago, _c1963 |
||
| 300 |
_a413 p. _b: láms. ; ilus. |
||
| 590 |
_aBATCH-UPD _b10 _c20130110 _lUCH01 _h0422 |
||
| 590 |
_aBATCH-UPD _b10 _c20130110 _lUCH01 _h2046 |
||
| 590 |
_aBATCH-UPD _b10 _c20130410 _lUCH01 _h0057 |
||
| 590 |
_aBATCH-UPD _b10 _c20130914 _lUCH01 _h1248 |
||
| 590 |
_aCONVERSION _b10 _c20130109 _lUCH01 _h1330 |
||
| 650 | 1 | 4 |
_aAnimales _xHabitos y conducta. _95865 |
| 650 | 1 | 4 |
_aEcología animal. _935170 |
| 650 | 1 | 4 |
_aGorilas. _950041 |
| 901 | _aBK | ||
| 942 | _cLIBRO | ||
| 949 |
_a599.884 S2 _bBC _cLIBRO _d33724000365326 _eLIBRO _h41030 _i60949 _mD _si _t325.00 |
||
| 999 |
_c55824 _d55824 |
||